| 000 | 00503nam a2200157 i 4500 | ||
|---|---|---|---|
| 001 | 70017 | ||
| 003 | ES-MaACL | ||
| 005 | 20230906170707.0 | ||
| 007 | t| | ||
| 008 | 040715s1959 sp ||||1| spa d | ||
| 100 | 1 |
_aGarcía Méndez, Miguel A. _954936 |
|
| 245 | 1 | 0 |
_aCartas al pueblo del presidente del partido estadista puertorriqueño / _cMiguel A. García Méndez. |
| 260 |
_a[S.l. : _bs.n., _c1955] ( _eMadrid : _fGráf. Nilo) |
||
| 300 |
_a228 p. ; _c24 cm. |
||
| 852 |
_aES-MaACL _jC-17693 _bR.45694 |
||
| 999 |
_c70017 _d70017 |
||